| 000 | 00892nam a2200277Ia 4500 | ||
|---|---|---|---|
| 001 | Para_3979 | ||
| 003 | CHAP | ||
| 008 | 220125s1946 xx 000 0 und d | ||
| 010 | _a202243 | ||
| 040 | _cCHAP | ||
| 090 | _aPA FOLLETO 1374 | ||
| 100 |
_aMickel, Clarence E _975469 |
||
| 245 |
_aSusceptibility of edible soya products in storage to attack by Tribolium confusum Duv / _c Clarence E. Mickel and John Standish |
||
| 260 |
_aSt. Paul, Minnesota : _b University of Minnesota |
||
| 300 | _a28 p. | ||
| 440 |
_aMinnesota Agr. Exp. Sta. Tech. Bull.; 175 _9167348 |
||
| 650 |
_aTribolium confusum Cereales _x Almacenamiento _x Plagas _9167349 |
||
| 700 |
_aStandish, John _9109439 |
||
| 901 | _aPA FOLLETO 1374 | ||
| 902 | _aA | ||
| 905 | _a0000001946 STPi 0000000000 00 | ||
| 910 | _a1946 | ||
| 942 | _cPARA | ||
| 942 |
_cPARA _d1 |
||
| 999 |
_c202243 _d202243 |
||